• 首页
  • 本馆介绍
  • 公告通知
  • 最新文献
  • 馆藏检索
  • 电子资源
  • 读者导购
  • 参考咨询
  • 我的图书馆
  • 登录
  • 详细信息显示
  • 放入我的书架
  • 预约/预借图书
  • 作者相关作品
  • 分类相关作品
  • 丛书相关作品
  • 出版社相关作品

书目信息

  • 表格格式
  • 工作单格式
  • 卡片格式
题名:
心理医生
    
 
作者: 易法建 编著
分册:  
出版信息: 重庆   重庆大学出版社  2001
页数: 608页
开本: 20cm
丛书名:
单 册:
中图分类: R395.1
科图分类:
主题词: 医学心理学
电子资源:
ISBN: 7-5624-1205-7
000 00640nam0 2200241 45
001 0196037343
005 20061020143116.87
010    @a7-5624-1205-7@dCNY46.00
100    @a19960810d2001 y0chiy0121 ea
101 0  @achi
102    @aCN@b510000
105    @ay z 000yy
200 10 @a心理医生@AXIN LI YI SHENG@f易法建等编著@Fyi fa jian deng bian zhu
205    @a2版
210    @a重庆@c重庆大学出版社@d2001
215    @a608页@d20cm
300    @a实用心理医学全书
540 1  @a心理@AXIN LI
606    @a医学心理学
690    @aR395.1
701  0 @a易法建@Ayi fa jian@4编著
801  0 @aCN@bTSSF@c20061020
905    @a10447@dR395.1@e125
    
    心理医生/易法建等编著.-2版.-重庆:重庆大学出版社,2001
    608页;20cm
    实用心理医学全书
    
    ISBN 7-5624-1205-7:CNY46.00
    
●
相关链接 在E读中查询图书 在五车中查询图书 在当当中查询图书 在豆瓣中查询图书


正题名:心理医生     索取号:R395.1/125         预约/预借

序号 登录号 条形码 馆藏地/架位号 状态 备注
1 0504163   205041630   密集书库/ [索取号:R395.1/125] 在馆    
唐山师范学院图书馆 欢迎您!
大连网信软件有限公司© 版权所有